Statistics for Name the rapper/R&B artist

Click here to take the quiz!

General Stats

  • This quiz has been taken 11 times
  • The average score is 6 of 12

Answer Stats

Answer% Correct
Kanye West
100%
21 Savage
80%
Akon
60%
Baby Keem
50%
JID
50%
Lauryn Hill
50%
Lil Kim
50%
ASAP Ferg
40%
Brent Faiyaz
40%
Nas
40%
Big L
30%
Metro Boomin
30%

Score Distribution

Percentile by Number Answered

Percent of People with Each Score

Your Score History

You have not taken this quiz